Chanteurs français par noms de famille #4 - Statistiques

Statistiques générales
  • Ce quiz a été pris 382 fois
  • Le résultat moyen est 11 sur 15
Statistiques - réponses
Nom de famille Chanteurs % Correct
Dassin Joe
94%
Luciani Clara
93%
Montagné Gilbert
92%
Goya Chantal
86%
Dutronc Jacques
86%
Delpech Michel
86%
Chao Manu
79%
Lalanne Francis
78%
Ferrat Jean
75%
Foly Liane
65%
Zenatti Julie
64%
De Palmas Gerald
58%
Es Imen
56%
Turner Afida
53%
Loud Marwa
53%
Aucun quiz correspondant
Distribution des résultats
% des personnes avec chaque résultat
Percentile par nombre de réponses
Votre historique - résultats
Vous n’avez pas pris ce quiz